• 首页
  • 本馆介绍
  • 公告通知
  • 最新文献
  • 馆藏检索
  • 电子资源
  • 读者导购
  • 参考咨询
  • 我的图书馆
  • 登录
  • 详细信息显示
  • 放入我的书架
  • 预约/预借图书
  • 作者相关作品
  • 分类相关作品
  • 丛书相关作品
  • 出版社相关作品

书目信息

  • 表格格式
  • 工作单格式
  • 卡片格式
题名:
综合风险防范
    
 
作者: 叶涛 , 史培军 , 王俊 , 王平 , 王静爱 著
分册:  
出版信息: 北京   科学出版社  2017
页数: 161页
开本: 26cm
丛书名: 综合风险防范关键技术研究与示范丛书
单 册:
中图分类: X4 , X432
科图分类:
主题词: 农业--Nong Ye--自然灾害--灾害保险--研究--中国
电子资源:
ISBN: 978-7-03-054282-3
000 01565nam 2200373 450
001 012001000124
005 20131105104257.0
010    @a978-7-03-054282-3@b精装@dCNY98.00
099    @aCAL 012017160553
100    @a20171113d2017 emky0chiy50 ea
101 1  @achi
102    @aCN@b110000
105    @aabk a 000yy
106    @ar
200 1  @a综合风险防范@AZong He Feng Xian Fang Fan@e农业自然灾害保险区划@f叶涛 ... [等] 著
210    @a北京@c科学出版社@d2017
215    @a161页@c图,地图@d26cm
225 2  @a综合风险防范关键技术研究与示范丛书@AZong He Feng Xian Fang Fan Guan Jian Ji Shu Yan Jiu Yu Shi Fan Cong Shu
300    @a“十二五”国家重点图书出版规划项目 “十二五”国家重大科学研究计划项目
304    @a著者还有:史培军、王俊、王平、王静爱
320    @a有书目
330    @a本书从区域灾害系统理论、风险评估方法与自然灾害保险定价原理出发,构建了以农业自然灾害区域分异规律为依据、以定量风险评估为基础、农业保险费率厘定为应用输出的农业自然灾害保险区域体系与方法,并针对区域种植业多灾种综合保险、畜牧业天气指数保险和森林火灾保险进行了评价与区域。
410  0 @12001 @a综合风险防范关键技术研究与示范丛书
517 1  @a农业自然灾害保险区划@Anong ye zi ran zai hai bao xian qu hua
606 0  @a农业@ANong Ye@x自然灾害@x灾害保险@x研究@y中国
690    @aX4@v5
690    @aX432@v5
701  0 @a叶涛@AYe Tao@4著
701  0 @a史培军@AShi Pei Jun@4著
701  0 @a王俊@AWang Jun@4著
701  0 @a王平@AWang Ping@4著
701  0 @a王静爱@AWang Jing Ai@4著
801  0 @aCN@b北京卓展文化@c20191020
905    @b1195435-7@dX4@e204@f3
    
    综合风险防范:农业自然灾害保险区划/叶涛 ... [等] 著.-北京:科学出版社,2017
    161页:图,地图;26cm.-(综合风险防范关键技术研究与示范丛书)
    “十二五”国家重点图书出版规划项目 “十二五”国家重大科学研究计划项目
    
    ISBN 978-7-03-054282-3(精装):CNY98.00
    本书从区域灾害系统理论、风险评估方法与自然灾害保险定价原理出发,构建了以农业自然灾害区域分异规律为依据、以定量风险评估为基础、农业保险费率厘定为应用输出的农业自然灾害保险区域体系与方法,并针对区域种植业多灾种综合保险、畜牧业天气指数保险和森林火灾保险进行了评价与区域。
●
相关链接 在E读中查询图书 在五车中查询图书 在当当中查询图书 在豆瓣中查询图书


正题名:综合风险防范     索取号:X4/204         预约/预借

序号 登录号 条形码 馆藏地/架位号 状态 备注
1 1195435   211954358   第二样本阅览室/ [索取号:X4/204] 在馆    
2 1195436   211954367   第三借阅区/ [索取号:X4/204] 在馆    
3 1195437   211954376   第三借阅区/ [索取号:X4/204] 在馆    
唐山师范学院图书馆 欢迎您!
大连网信软件有限公司© 版权所有